Osobitosti merania a riadenia výkonnosti v podmienkach holdingu

Spájanie miestne odlúčených podnikov do nového organizačného celku - skupiny podnikov (holdingu). Osobitosti objektu a cieľov finančnej analýzy v podmienkach holdingu. Osobitosti informačných zdrojov pre analýzu finančnej výkonnosti v podmienkach holdingu (konsolidovaná účtovná závierka, individuáln...

Descrizione completa

Salvato in:
Dettagli Bibliografici
Autore principale: Šnircová, Jana, 1971-
Natura: Capitolo di libro
Lingua:slovacco
Soggetti:
Tags: Aggiungi Tag
Nessun Tag, puoi essere il primo ad aggiungerne!!

MARC

LEADER 00000naa$a2200000$$$4500
001 0050727
005 20240502083133.4
041 0 |a slo 
044 |a CZ 
245 1 0 |a Osobitosti merania a riadenia výkonnosti v podmienkach holdingu  |c Jana Šnircová 
520 |a Spájanie miestne odlúčených podnikov do nového organizačného celku - skupiny podnikov (holdingu). Osobitosti objektu a cieľov finančnej analýzy v podmienkach holdingu. Osobitosti informačných zdrojov pre analýzu finančnej výkonnosti v podmienkach holdingu (konsolidovaná účtovná závierka, individuálna účtovná závierka). Osobitosti metód merania a riadenia finančnej výkonnosti v podmienkach holdingu. Analýza finančnej výkonnosti holdingu ako celku. Analýza finančnej výkonnosti ekonomicky závislých podnikov holdingu. 
610 2 0 |a výkonnosť 
610 2 0 |a holding 
610 2 0 |a analýza finančná 
610 2 0 |a zdroje informácií 
610 2 0 |a závierka účtovná 
610 2 0 |a závierka účtovná konsolidovaná 
610 2 0 |a konsolidácia 
610 2 0 |a podnik 
100 1 |a Šnircová, Jana, 1971-